Estadísticas para Prueba de Zimbabue

Haz click aquí para tomar la prueba!

Estadísticas generales

  • Esta prueba ha sido tomada 125 veces
  • La puntuación promedio es 12 de 17

Estadísticas de respuestas

PistaRespuesta% Correcto
Países que limitan con ZimbabueSudáfrica
98%
Países que limitan con ZimbabueZambia
96%
Países que limitan con ZimbabueBotsuana
94%
Países que limitan con ZimbabueMozambique
92%
Antigua potencia colonialReino Unido
84%
Zimbabue tiene dieciséis de estos, más que cualquier otro país excepto Bolivia{Idiomas} oficiales
82%
CapitalHarare
79%
Antiguo nombre de Zimbabue{Rodesia} del Sur
77%
Una gran cascada en ese ríoCataratas {Victoria}
77%
El río que forma la frontera norteZambeze
71%
La mayor parte de Zimbabue consiste en este ecosistema de pastizales (comienza con S)Sabana
67%
Debido a la hiperinflación, en 2009 se imprimieron en Zimbabue
billetes de este valor increíblemente alto
100 trillones
de dólares
65%
Dictador de Zimbabue de 1980 a 2017 que gobernó hasta los 93 años de edadRobert Mugabe
57%
Grupo de personas que representaba el 4,5% de la población de Zimbabwe
en 1975, pero que hoy en día es menos del 0,2%.
Blancas
57%
Antigua ciudad construida en el siglo XI, abandonada en el XV{Gran} Zimbabue
46%
Símbolo nacional{Ave} de Zimbabue
42%
El río que forma la frontera surLimpopo
41%

Distribución de puntuación

Porcentaje por número respondido

Porcentaje de gente con cada puntuación

Historial de tus puntuaciones

No has tomado esta prueba